| 000 | 00527nam a2200205Ia 4500 | ||
|---|---|---|---|
| 005 | 20250508165033.0 | ||
| 008 | 008 250505s9999 xx 000 0 eng d | ||
| 037 | _aTextual | ||
| 040 |
_aFEDL _beng _cFEDL |
||
| 041 |
_aeng _2eng |
||
| 084 |
_a691, KOM _qFEDL |
||
| 100 |
_aKomar A _9779787 |
||
| 245 | 0 | _aBuilding materials and components | |
| 260 |
_aMoscow _bMir Publishers _c1979 |
||
| 300 | _a503p. | ||
| 365 |
_aINR _b45 |
||
| 546 | _aMACESE | ||
| 942 |
_cTEXL _h691, KOM |
||
| 999 |
_c1392786 _d1392786 |
||